000 00733nam a2200205 a 4500
003 0
005 20250317110535.0
008 080923s19uu xx 00 eng d
050 _aPHS BF 323.D4
_b.Og1 2008
100 _aOgawa, Nicholas.
245 _aRelationship of distractions to study habits among senior students of SISC /
_cNicholas Ogawa.
260 _aLas PiƱas City, Philippines :
_bSouthville International School and Colleges,
_c2008.
300 _a27 pages ;
_c28 cm.
504 _aIncludes bibliographical references.
650 _aDistraction (Psychology).
650 _aStudy skills.
650 _aAttention
_xPsychological aspects.
650 _aAcademic achievement
_xPsychological aspects.
942 _2lcc
_cPASS
999 _c98108
_d98108